00848njm a2200241Ia 450000100060000000300090000600500170001500800410003204000130007304000130008604100130009910000270011210000170013910000370015624500480019325000110024126000090025226000790026130000170034050000130035750501850037065000510055578703IT-RoPAU20220918181136.0131025s9999 xx 000 0 und d aIT-RoPAU cIT-RoPAU aITALIANO aSanta Chiara d'Assisi  eAutore testo gCodice autore testo SPICS: 27269 aSanta Chiara d'Assisi-Le lettere, la regola a1a ed. aROMA bEP - MUSICALI E DISCOGRAFICHEc1989 [1a Ed.:1989 - Ed. Lingua Orig.: 1989] aMUSICASSETTA aParlato. aLettera a Ermentrude di Bruges - Lettere alla Beata Agnese di Praga - Benedizioni di Santa Chiara - Testamento di Santa Chiara - Bolla di Papa Innocenzo IV - Regola di Santa Chiara aPARLATO [CASSETTE]eCodice MATERIA SPICS: 9951